Điểm sáng trong nghề trồng cây cảnh /

Spremljeno u:
Bibliografski detalji
Glavni autor: Vân Thủy.
Format: Članak
Jezik:Vietnamese
Teme:
Oznake: Dodaj oznaku
Bez oznaka, Budi prvi tko označuje ovaj zapis!
Thư viện lưu trữ: Thư viện Trường Đại học Đà Lạt
LEADER 00773nam a2200265 4500
001 DLU130146295
005 ##20130322
040 # # |a DLU  |b vie 
041 # # |a vie 
044 # # |a vn 
100 # # |a Vân Thủy. 
245 # # |a Điểm sáng trong nghề trồng cây cảnh /  |c Vân Thủy. 
653 # # |a Cây cảnh nghệ thuật 
653 # # |a Nghề trồng hoa 
653 # # |a Phát triển kinh tế 
773 # # |t Tạp chí Việt Nam hương sắc   |g Số 1-2(196-197), 2010, tr. 56-57 
920 # # |a Phòng Tạp chí -- Trung tâm Thông tin - Thư viện Trường Đại học Đà Lạt 
994 # # |a DLU 
900 # # |a True 
911 # # |a Nguyễn Thị Linh Chi 
925 # # |a G 
926 # # |a A 
927 # # |a BB 
980 # # |a Thư viện Trường Đại học Đà Lạt